The struggle for unity : (Record no. 308)
[ view plain ]
| 000 -LEADER | |
|---|---|
| fixed length control field | 01179cam a2200301 a 4500 |
| 001 - CONTROL NUMBER | |
| control field | 204121 |
| 003 - CONTROL NUMBER IDENTIFIER | |
| control field | GBCCL |
| 005 - DATE AND TIME OF LATEST TRANSACTION | |
| control field | 20241126110335.0 |
| 008 - FIXED-LENGTH DATA ELEMENTS--GENERAL INFORMATION | |
| fixed length control field | 990521s1999 flua b 000 0 eng |
| 010 ## - | |
| -- | 99063841 |
| 020 ## - INTERNATIONAL STANDARD BOOK NUMBER | |
| International Standard Book Number | 1890683078 |
| 035 ## - SYSTEM CONTROL NUMBER | |
| System control number | (DLC) 99063841 |
| 040 ## - CATALOGING SOURCE | |
| Original cataloging agency | DLC |
| Transcribing agency | DLC |
| Modifying agency | DLC |
| 043 ## - | |
| -- | n-usu-- |
| 082 00 - DEWEY DECIMAL CLASSIFICATION NUMBER | |
| Classification number | 284.1322 |
| Edition information | 21 |
| Item number | ZIE |
| 100 1# - MAIN ENTRY--PERSONAL NAME | |
| Personal name | Ziehr, Richard O. |
| 9 (RLIN) | 279 |
| 245 14 - TITLE STATEMENT | |
| Title | The struggle for unity : |
| Remainder of title | a personal look at the integration of Lutheran churches in the South / |
| Statement of responsibility, etc. | by Richard O. Ziehr. |
| 260 ## - PUBLICATION, DISTRIBUTION, ETC. | |
| Place of publication, distribution, etc. | Milton, Fla. : |
| Name of publisher, distributor, etc. | CJH Enterprises, |
| Date of publication, distribution, etc. | [1999?] |
| 300 ## - PHYSICAL DESCRIPTION | |
| Extent | vii, 235 p. : |
| Other physical details | ill. ; |
| Dimensions | 23 cm. |
| 504 ## - BIBLIOGRAPHY, ETC. NOTE | |
| Bibliography, etc. note | Includes bibliographical references (p. 218-235). |
| 610 20 - SUBJECT ADDED ENTRY--CORPORATE NAME | |
| Corporate name or jurisdiction name as entry element | Lutheran Church--Missouri Synod. |
| Subordinate unit | Southern District |
| General subdivision | History. |
| 9 (RLIN) | 280 |
| 650 #0 - SUBJECT ADDED ENTRY--TOPICAL TERM | |
| Topical term or geographic name entry element | Race relations |
| General subdivision | Religious aspects |
| -- | Lutheran Church |
| Form subdivision | Case studies. |
| 9 (RLIN) | 281 |
| 651 #0 - SUBJECT ADDED ENTRY--GEOGRAPHIC NAME | |
| Geographic name | Southern States |
| General subdivision | Race relations |
| Form subdivision | Case studies. |
| 9 (RLIN) | 282 |
| 651 #0 - SUBJECT ADDED ENTRY--GEOGRAPHIC NAME | |
| Geographic name | Southern States |
| General subdivision | Church history. |
| 9 (RLIN) | 283 |
| 906 ## - LOCAL DATA ELEMENT F, LDF (RLIN) | |
| a | 7 |
| b | cbc |
| c | orignew |
| d | 2 |
| e | opcn |
| f | 19 |
| g | y-gencatlg |
| 942 ## - ADDED ENTRY ELEMENTS (KOHA) | |
| Source of classification or shelving scheme | Dewey Decimal Classification |
| Koha item type | Books |
| Withdrawn status | Lost status | Source of classification or shelving scheme | Damaged status | Not for loan | Home library | Current Library | Shelving location | Date acquired | Total checkouts | Full call number | Barcode | Date last seen | Copy number | Price effective from | Koha item type |
|---|---|---|---|---|---|---|---|---|---|---|---|---|---|---|---|
| Dewey Decimal Classification | GRACE BIBLE COLLEGE | GRACE BIBLE COLLEGE | Church History | 2016-10-18 | 284.1322 ZIE | 007192 | 2025-05-01 | c.1 | 2016-10-18 | Books | |||||
| Dewey Decimal Classification | GRACE BIBLE COLLEGE | GRACE BIBLE COLLEGE | Church History | 2016-10-18 | 284.1322 ZIE | 007193 | 2025-05-01 | c.2 | 2016-10-18 | Books |